000 00316nam a2200121Ia 4500
008 190216s9999||||xx |||||||||||||| ||und||
100 _aEric P Bloom
245 0 _aCobol The Language Of Business
260 _bBpb Publications
_c1987
300 _a198p
650 _a"Computer Programming. Programs, Data"
942 _cBK
999 _c8502
_d8502